| 000 | 01229nam a22002657a 4500 | ||
|---|---|---|---|
| 003 | OSt | ||
| 005 | 20221125124813.0 | ||
| 007 | cr ||||||a|c|a | ||
| 008 | 221125s2021 mx a|||fom||| 001 0 spa d | ||
| 040 | _erda | ||
| 100 | 1 |
_9185724 _aCipriano Enríquez, Miriam |
|
| 245 | 1 |
_aCaracterización del sistema de producción de chile pasilla mixe (Capsicum annuum L. var. annuum) en el Istmo de Tehuantepec, Oaxaca / _cpor Miriam Cipriano Enríquez, director de tesis Renato Fernandez Zárate Baños. |
|
| 264 | 1 |
_aChapingo, México : _bEl autor, _c2021. |
|
| 300 |
_a1 recurso en línea (110 páginas). _bcuadros, figuras. |
||
| 336 |
_2rdacontent _atexto _btxt |
||
| 337 |
_2rdamedia _acomputadora _bc |
||
| 338 |
_2rdacarrier _arecurso en línea _bcr |
||
| 502 |
_bIAEZT _cURUSSE _d2021. _gLIC |
||
| 504 | _aIncluye referencias bibliográficas: páginas 96-98. | ||
| 650 | 4 |
_9185745 _aChile pasilla _xVariedad Mixe _xProducción |
|
| 650 | 4 |
_9185746 _aChile pasilla _xProducción _xAspectos económicos |
|
| 700 | 1 |
_9124095 _aZárate Baños, Renato Fernando _eDirector de tesis. |
|
| 856 |
_uhttp://10.13.5.2/tesis/tl/2021_SE_Cipriano_Enriquez_Miriam.pdf _zDESCARGAR PDF |
||
| 942 |
_2Clasificación Universidad Autónoma Chapingo _cTD |
||
| 999 |
_c217872 _d217872 |
||